Missing Word: Usher Quiz Stats

 Plays Quiz Updated Jun 14, 2017

Support Sporcle.
Go Orange.
Score 0/16 Timer 02:00
0 Plays Today
Song Missing Word % Correct
U Got It ____Bad
72.1%
____ BooMy
71.7%
____ TottieHot
69.1%
_____ Got Us Fallin' in LoveDJ
69%
Caught ____Up
67.4%
There Goes My ____Baby
66.6%
Nice & _____Slow
60.9%
____ in This ClubLove
58.7%
Song Missing Word % Correct
_____ Part IIConfessions
54.9%
You Make Me _____....Wanna
54.1%
Same ____Girl
46.7%
U Don't Have to ____Call
39.7%
Can U ____ wit ItGet
38.2%
Moving ____Mountains
29.8%
U ____ MeRemind
29.2%
No ____Limit
13.7%

Today's Daily Dose

You're not logged in!

Compare scores with friends on all Sporcle quizzes.
OR
Log In
Forgot?

From the Vault

Dictionary Proximity: Movie Edition

by MrChewypoo

Don't worry, we didn't use the Urban Dictionary for this one.
Remove Ads.
Support Sporcle.
Get the best of Sporcle when you Go Orange. This ad-free experience offers more features, more stats, and more fun while also helping to support Sporcle. Thank you for becoming a member.

Show Comments

Extras

Top Quizzes Today


Score Distribution

Your Account Isn't Verified!

In order to create a playlist on Sporcle, you need to verify the email address you used during registration. Go to your Sporcle Settings to finish the process.

Report this User

Report this user for behavior that violates our Community Guidelines.

Details: